|
|
|
|
| LEADER |
00703nam a22002412a 4500 |
| 001 |
000906330 |
| 003 |
CZ BrMZK |
| 005 |
20080723210657.0 |
| 007 |
ta |
| 008 |
080723s1972 gw a er|||||||||||ger d |
| 020 |
|
|
|q (Váz.)
|
| 040 |
|
|
|a ABA001
|b cze
|c ABA001
|d ABA001
|
| 080 |
9 |
|
|a 92 Hölderlin,F.=3
|
| 080 |
9 |
|
|a 830 Hölderlin,F.4=3
|
| 100 |
1 |
|
|a Wolf, Gerhard,
|d 1928-
|7 jo2007399924
|4 aut
|
| 245 |
1 |
4 |
|a Der arme Hölderlin /
|c Gerhard Wolf
|
| 250 |
|
|
|a 1. Aufl.
|
| 260 |
|
|
|a Berlin :
|b Union,
|c 1972
|
| 300 |
|
|
|a 155 s. :
|b il. ;
|c 20 cm
|
| 910 |
|
|
|a BOA001
|b 1-0766.151
|
| 990 |
|
|
|a BK
|
| 991 |
|
|
|b 200807
|
| 996 |
7 |
|
|b 2619552232
|c 1-0766.151
|l MZK
|r Sklad / do 1 hodiny
|n 2
|w 001070309
|u 000010
|a 1
|e BOA001
|j MZK50
|s A
|